[Event "III Duchamp Open 2019"]
[Site "Rio de Janeiro"]
[Date "2019.12.10"]
[Round "4.11"]
[White "Limp, Eduardo Thelio"]
[Black "Moura, Eduardo Eugenio Chav"]
[Result "1/2-1/2"]
[WhiteElo "2356"]
[BlackElo "2098"]
[Annotator "RC"]
[PlyCount "108"]
[EventDate "2019.12.07"]
[EventType "swiss"]
[EventCountry "BRA"]
[SourceTitle "playchess.com"]
[Source "ChessBase"]
[SourceQuality "1"]
[TimeControl "40/5400+30:1800+30"]

1. d4 {[%emt 0:00:00]} d6 {[%emt 0:00:00]} 2. e4 {[%emt 0:00:00]} Nf6 {[%emt 0:00:00]} 3. Nd2 {[%emt 0:00:00]} e5 {[%emt 0:00:00]} 4. c3 {[%emt 0:00:14]} Be7 {[%emt 0:00:24]} 5. Ngf3 {[%emt 0:00:12]} Nbd7 {[%emt 0:00:18]} 6. Be2 {[%emt 0:01:37]} O-O {[%emt 0:00:10]} 7. O-O {[%emt 0:00:09]} c6 {[%emt 0:00:07]} 8. a4 {[%emt 0:00:17]} a5 {[%emt 0:03:09]} 9. Re1 {[%emt 0:00:29]} Re8 {[%emt 0:00:13]} 10. Bf1 {[%emt 0:01:28]} Qc7 {[%emt 0:00:43]} 11. Qb3 {[%emt 0:02:16]} h6 {[%emt 0:05:08]} 12. Bc4 {[%emt 0:06:00]} Rf8 {[%emt 0:01:26]} 13. Bd3 {[%emt 0:02:37]} Re8 {[%emt 0:01:40]} 14. Nf1 {[%emt 0:03:35]} Nf8 {[%emt 0:01:04]} 15. Ne3 {[%emt 0:02:57]} Be6 {[%emt 0:08:46]} 16. Qc2 {[%emt 0:00:16]} Ng6 {[%emt 0:02:01]} 17. g3 {[%emt 0:01:29]} Bf8 {[%emt 0:05:35]} 18. Bd2 {[%emt 0:06:27]} Rad8 {[%emt 0:01:26]} 19. c4 {[%emt 0:07:25]} Bc8 {[%emt 0:12:16]} 20. Bc3 {[%emt 0:05:51]} exd4 {[%emt 0:15:22]} 21. Nxd4 {[%emt 0:00:09]} Ne5 {[%emt 0:01:52]} 22. Be2 {[%emt 0:00:17]} Ned7 {[%emt 0:05:34]} 23. Bf3 {[%emt 0:03:57]} Nc5 {[%emt 0:06:02]} 24. Nef5 {[%emt 0:05:45]} Nfd7 {[%emt 0:06:30]} 25. Rad1 {[%emt 0:04:41]} Ne5 {[%emt 0:04:36]} 26. Be2 {[%emt 0:01:46]} g6 {[%emt 0:07:40]} 27. Ne3 Ned7 28. Bf3 {[%emt 0:02:35]} Bg7 {[%emt 0:01:18]} 29. Bg2 Nf6 30. f3 {[%emt 0:02:26]} Ne6 {[%emt 0:04:10]} 31. Nb3 {[%emt 0:02:39]} b6 {[%emt 0:00:07]} 32. f4 {[%emt 0:04:52]} Nd7 {[%emt 0:00:38]} 33. Bxg7 {[%emt 0:03:57]} Kxg7 {[%emt 0:01:00]} 34. Qc3+ {[%emt 0:03:23]} Kh7 {[%emt 0:01:55]} 35. e5 {[%emt 0:01:21]} dxe5 36. Ng4 h5 {[%emt 0:04:52]} 37. Rxd7 {[%emt 0:02:33]} Bxd7 {[%emt 0:00:02]} 38. Nf6+ {[%emt 0:01:12]} Kg7 {[%emt 0:02:20]} 39. Nxe8+ {[%emt 0:12:05]} Rxe8 {[%emt 0:00:02]} 40. Rxe5 {[%emt 0:00:21]} f6 {[%emt 0:00:37]} 41. Re1 {[%emt 0:30:14]} c5 {[%emt 0:05:37]} 42. Bd5 {[%emt 0:00:00]} Nf8 {[%emt 0:05:03]} 43. Rxe8 {[%emt 0:00:00]} Bxe8 {[%emt 0:00:02]} 44. Nd2 {[%emt 0:00:00]} Bxa4 {[%emt 0:01:44]} 45. Ne4 {[%emt 0:00:00]} Qe7 {[%emt 0:00:43]} 46. Kf2 {[%emt 0:00:00]} Ne6 {[%emt 0:05:12]} 47. Qa3 {[%emt 0:00:00]} Bc2 {[%emt 0:01:52]} 48. Qe3 {[%emt 0:00:00]} Nd4 {[%emt 0:04:46]} 49. Nc3 {[%emt 0:00:00]} Qxe3+ {[%emt 0:00:58]} 50. Kxe3 {[%emt 0:00:00]} f5 {[%emt 0:07:57]} 51. h4 {[%emt 0:00:00]} Bb3 {[%emt 0:00:36]} 52. Kd3 {[%emt 0:00:00]} Bc2+ {[%emt 0:00:15]} 53. Kd2 {[%emt 0:00:00]} Bb3 {[%emt 0:00:02]} 54. Kd3 {[%emt 0:00:00]} Bc2+ {[%emt 0:00:03]} 1/2-1/2

[Event "III Duchamp Open 2019"]
[Site "Rio de Janeiro"]
[Date "2019.12.09"]
[Round "4.12"]
[White "Labussiere, Yago"]
[Black "Ambartsumova, Karina"]
[Result "0-1"]
[WhiteElo "2091"]
[BlackElo "2341"]
[Annotator "RC"]
[PlyCount "84"]
[EventDate "2019.12.07"]
[EventType "swiss"]
[EventCountry "BRA"]
[SourceTitle "playchess.com"]
[Source "ChessBase"]
[SourceQuality "1"]
[TimeControl "40/5400+30:1800+30"]

1. d4 {[%emt 0:04:37]} d6 {[%emt 0:00:00]} 2. c4 {[%emt 0:03:14]} e5 {[%emt 0:00:14]} 3. Nf3 {[%emt 0:01:45]} e4 {[%emt 0:01:38]} 4. Ng5 {[%emt 0:02:03]} f5 {[%emt 0:01:26]} 5. Nh3 {[%emt 0:03:48]} Nf6 {[%emt 0:02:41]} 6. Nc3 {[%emt 0:03:17]} Be7 {[%emt 0:03:06]} 7. e3 {[%emt 0:02:45]} O-O {[%emt 0:03:42]} 8. Be2 {[%emt 0:04:20]} c6 {[%emt 0:04:33]} 9. Nf4 {[%emt 0:05:30]} Na6 {[%emt 0:04:12]} 10. h4 {[%emt 0:03:06]} Nc7 {[%emt 0:03:16]} 11. b4 {[%emt 0:12:53]} Ne6 {[%emt 0:22:09]} 12. g3 {[%emt 0:11:30]} Nxf4 {[%emt 0:04:17]} 13. exf4 {[%emt 0:13:23]} d5 {[%emt 0:07:25]} 14. c5 {[%emt 0:00:32]} b6 {[%emt 0:00:49]} 15. a3 {[%emt 0:15:57]} a5 {[%emt 0:04:55]} 16. Be3 {[%emt 0:01:45]} Ba6 {[%emt 0:01:44]} 17. Bxa6 {[%emt 0:04:02]} Rxa6 {[%emt 0:00:05]} 18. O-O {[%emt 0:01:12]} Qd7 {[%emt 0:12:16]} 19. Qe2 {[%emt 0:02:24]} b5 {[%emt 0:02:41]} 20. Rab1 {[%emt 0:01:14]} axb4 {[%emt 0:01:32]} 21. axb4 {[%emt 0:00:20]} Rfa8 {[%emt 0:00:39]} 22. Rb2 {[%emt 0:00:46]} Ne8 {[%emt 0:01:31]} 23. Rc1 {[%emt 0:00:35]} Nc7 {[%emt 0:01:30]} 24. Rcc2 {[%emt 0:00:20]} Ne6 {[%emt 0:00:37]} 25. Ra2 {[%emt 0:00:19]} Bf6 {[%emt 0:01:21]} 26. Qd2 {[%emt 0:00:37]} Rxa2 {[%emt 0:02:48]} 27. Rxa2 {[%emt 0:00:07]} Rxa2 {[%emt 0:00:40]} 28. Nxa2 {[%emt 0:00:02]} Qa7 {[%emt 0:00:10]} 29. Nc3 {[%emt 0:01:27]} Qa3 {[%emt 0:05:44]} 30. Ne2 {[%emt 0:00:16]} Nc7 {[%emt 0:00:39]} 31. Qc3 {[%emt 0:00:45]} Qa4 {[%emt 0:00:16]} 32. Qe1 {[%emt 0:00:35]} Qc2 {[%emt 0:02:14]} 33. Bd2 {[%emt 0:00:29]} Ne6 {[%emt 0:00:17]} 34. Bc3 {[%emt 0:00:33]} Qd3 {[%emt 0:00:36]} 35. Nc1 {[%emt 0:00:29]} Qc4 {[%emt 0:00:24]} 36. Ne2 {[%emt 0:00:29]} Nxd4 {[%emt 0:01:04]} 37. Nxd4 {[%emt 0:00:31]} Bxd4 {[%emt 0:00:01]} 38. Qa1 {[%emt 0:00:21]} Qxc3 {[%emt 0:02:25]} 39. Qa8+ {[%emt 0:00:10]} Kf7 {[%emt 0:00:01]} 40. Qb7+ {[%emt 0:00:29]} Kg6 {[%emt 0:00:17]} 41. Qxc6+ {[%emt 0:02:36]} Kh5 {[%emt 0:00:25]} 42. Qe8+ {[%emt 0:00:57]} Kg4 {[%emt 0:00:46]} 0-1

[Event "III Duchamp Open 2019"]
[Site "Rio de Janeiro"]
[Date "2019.12.09"]
[Round "4.13"]
[White "Torella, Rodolfo"]
[Black "Guimaraes, Diogo Duarte"]
[Result "0-1"]
[WhiteElo "2085"]
[BlackElo "2322"]
[Annotator "RC"]
[PlyCount "48"]
[EventDate "2019.12.07"]
[EventType "swiss"]
[EventCountry "BRA"]
[SourceTitle "playchess.com"]
[Source "ChessBase"]
[SourceQuality "1"]
[TimeControl "40/5400+30:1800+30"]

1. e4 {[%emt 0:00:00]} e5 {[%emt 0:19:13]} 2. Bc4 {[%emt 0:00:05]} Nf6 {[%emt 0:00:06]} 3. d3 {[%emt 0:00:16]} c6 {[%emt 0:00:04]} 4. Nf3 {[%emt 0:00:49]} d5 {[%emt 0:00:13]} 5. Bb3 {[%emt 0:00:48]} Bd6 {[%emt 0:00:05]} 6. Nc3 {[%emt 0:05:53]} Be6 {[%emt 0:05:07]} 7. Bg5 {[%emt 0:06:57]} Bc7 {[%emt 0:06:49]} 8. exd5 {[%emt 0:09:58]} cxd5 {[%emt 0:00:06]} 9. Qe2 {[%emt 0:00:45]} Nc6 {[%emt 0:00:48]} 10. O-O-O {[%emt 0:14:13]} O-O {[%emt 0:05:04]} 11. d4 {[%emt 0:05:28]} e4 {[%emt 0:00:49]} 12. Ng1 {[%emt 0:14:28]} h6 {[%emt 0:01:05]} 13. Bh4 {[%emt 0:08:38]} Bb6 {[%emt 0:00:35]} 14. Nxe4 {[%emt 0:05:14]} dxe4 {[%emt 0:00:19]} 15. d5 {[%emt 0:00:07]} Nd4 {[%emt 0:05:13]} 16. Rxd4 {[%emt 0:00:15]} Bxd4 {[%emt 0:00:07]} 17. dxe6 {[%emt 0:00:05]} fxe6 {[%emt 0:00:38]} 18. Bxe6+ {[%emt 0:02:24]} Kh8 {[%emt 0:00:06]} 19. c3 {[%emt 0:02:56]} Qd6 {[%emt 0:00:20]} 20. Bb3 {[%emt 0:03:45]} Bxc3 {[%emt 0:02:10]} 21. Bxf6 {[%emt 0:01:15]} Bxf6 {[%emt 0:00:26]} 22. Qxe4 {[%emt 0:00:27]} Rac8+ {[%emt 0:00:51]} 23. Bc2 {[%emt 0:00:25]} Bg5+ {[%emt 0:00:09]} 24. Kb1 {[%emt 0:00:31]} Qd1+ 0-1

[Event "III Duchamp Open 2019"]
[Site "Rio de Janeiro"]
[Date "2019.12.09"]
[Round "4.14"]
[White "Aranha Filho, Alvaro Z."]
[Black "Urquiza, Marcello de Albuquer"]
[Result "1-0"]
[WhiteElo "2304"]
[BlackElo "2075"]
[Annotator "TA"]
[PlyCount "85"]
[EventDate "2019.12.07"]
[EventType "swiss"]
[EventCountry "BRA"]
[SourceTitle "playchess.com"]
[Source "ChessBase"]
[SourceQuality "1"]

{[%evp 21,85,49,52,33,55,55,62,53,62,17,114,133,109,102,136,144,204,211,246,252,246,208,203,165,140,141,154,115,120,110,318,341,348,341,308,193,208,103,87,46,113,-70,98,80,125,110,133,129,129,126,479,477,475,467,427,427,471,452,881,852,1236,1262,2410,2352,29992,29993]} 1. c4 c5 2. Nf3 Nf6 3. Nc3 e6 4. g3 b6 5. Bg2 Bb7 6. O-O Be7 7. Re1 O-O 8. e4 d6 9. d4 cxd4 10. Nxd4 Qc8 11. Be3 Nbd7 12. f4 {A30: Symmetrical English: Double Fianchetto and Hedgehog} a6 13. Rc1 Qc7 (13... Nc5 14. Bf2 g6 15. b4 Ncd7 16. b5 h5 17. Nc6 Bxc6 18. bxc6 Nc5 19. Bxc5 bxc5 {½-½ (41) Malakhov,V (2703)-Korobov,A (2674) Sochi 2016}) 14. Bf2 {White is slightly better.} Rac8 15. g4 $146 ({Predecessor:} 15. b3 Rfd8 16. Qe2 Bf8 17. f5 exf5 18. exf5 Bxg2 19. Kxg2 Re8 {0-1 (40) Tratar,M (2466)-Kantorik,M (2335) Pardubice 2002}) 15... Qb8 (15... g6 $11) 16. g5 $16 Ne8 17. Qg4 Nc7 18. Re3 Rfe8 (18... g6 $16 {might work better.} 19. Nd5 Rfe8) 19. Rh3 $1 $18 Nf8 20. f5 exf5 21. exf5 Bxg2 22. Kxg2 {Threatens to win with f6.} Qb7+ {[#]} 23. Kg1 $1 {Hoping for f6.} Bd8 24. f6 g6 25. Qh4 {aiming for Qh6.} Nce6 $2 (25... Re5 $16 26. Bg3 (26. Qh6 Ne8 $16) 26... b5) 26. Nxe6 fxe6 27. Ne4 Rc6 28. Bg3 e5 {[#]} 29. Rf1 (29. Rd1 $1 $18) 29... Qf7 $16 30. b3 Ne6 (30... b5 $14) 31. Nc3 $2 (31. Nf2 $16) 31... Nd4 $2 (31... b5 $1 $15 {keeps the upper hand.}) 32. Qe4 $36 {[%mdl 2048] Strongly threatening Bf2. White is in control.} Rc8 33. Qd5 Rc7 34. Ne4 Qxd5 35. cxd5 Nf5 $2 {[%mdl 8192] [#]} (35... Rf8 $16 {is more resistant.}) 36. Rxf5 $1 $18 {[%mdl 576] Remove Defender} gxf5 37. Nxd6 {[%mdl 64] Double Attack} Rf8 38. Bxe5 Rc1+ 39. Kf2 Rc2+ (39... Rc5 $142 40. Nxf5 Rxd5) 40. Kf3 Rc5 41. Nxf5 {Nh6+ would kill now.} Kf7 42. Ke4 Kg6 43. Rh6+ {Accuracy: White = 67%, Black = 16%.} 1-0

[Event "III Duchamp Open 2019"]
[Site "Rio de Janeiro"]
[Date "2019.12.09"]
[Round "4.15"]
[White "Fernandez, Maria Florencia"]
[Black "Sobrero, Sebastian"]
[Result "1-0"]
[WhiteElo "2241"]
[BlackElo "2059"]
[Annotator "TA"]
[PlyCount "53"]
[EventDate "2019.12.07"]
[EventType "swiss"]
[EventCountry "BRA"]
[SourceTitle "playchess.com"]
[Source "ChessBase"]
[SourceQuality "1"]

{[%evp 15,53,26,43,23,43,43,60,48,39,52,82,77,90,65,91,65,127,122,139,127,133,143,177,108,105,115,108,108,104,122,141,143,205,203,266,226,798,792,1164,1139]} 1. d4 Nf6 2. c4 e6 3. Nf3 d5 4. Nc3 c6 5. e3 Nbd7 6. b3 Be7 7. Bd3 O-O 8. O-O c5 9. Bb2 {D46: Semi-Slav: 5 e3 Nbd7 6 Bd3, Black avoids the Meran} b6 10. cxd5 exd5 11. Rc1 {White is slightly better.} Bb7 12. Qe2 cxd4 (12... Re8 13. Rfd1 g6 14. Na4 Bf8 15. dxc5 bxc5 16. Ba6 Bxa6 17. Qxa6 Re6 18. Qb7 Rb8 19. Qxa7 Ra8 20. Qb7 Rb8 21. Qa7 Ra8 22. Qb7 Rb8 23. Qa7 Ra8 {½-½ (23) Bai,J (2568)-Zhou,J (2617) China 2018}) 13. Nxd4 Nc5 14. Bb1 Re8 $146 ({Predecessor:} 14... Ba6 15. Ncb5 Qd7 16. Bf5 Bxb5 17. Qxb5 Qxb5 18. Nxb5 g6 19. Bb1 {½-½ (50) Byway,P (2054)-Grigoryan,M (2057) England 2017}) 15. Rfd1 Bf8 ({Black should try} 15... a6 $14) 16. b4 $16 Ne6 {[#]} 17. Ncb5 $1 Nxd4 18. Bxd4 Ba6 19. Bd3 ({Better is} 19. Qc2 $18 {Threatens to win with Bxf6.} Ne4 20. Nc7 {[%mdl 64] Double Attack}) 19... Bxb5 20. Bxb5 {Bxf6 is the strong threat.} Re6 21. Bc6 Rc8 22. b5 Ne4 23. Bb2 Qh4 (23... Rd6 $16 {might work better.} 24. f3 Nf6) 24. g3 $18 Rg6 25. Bxd5 Re8 $2 (25... Rxc1 26. Rxc1 Nc5) 26. Rc4 Bc5 {[#]} 27. Qf3 $1 {Accuracy: White = 67%, Black = 20%.} 1-0

[Event "III Duchamp Open 2019"]
[Site "Rio de Janeiro"]
[Date "2019.12.09"]
[Round "4.16"]
[White "Donoso Diaz, Sebastian"]
[Black "Lage, Pedro Ferreira"]
[Result "1-0"]
[WhiteElo "2234"]
[BlackElo "2021"]
[Annotator "TA"]
[PlyCount "35"]
[EventDate "2019.12.07"]
[EventType "swiss"]
[EventCountry "BRA"]
[SourceTitle "playchess.com"]
[Source "ChessBase"]
[SourceQuality "1"]

{[%evp 9,35,13,24,9,15,-39,-20,-36,-26,-42,61,61,50,75,167,-40,412,-114,164,128,137,136,133,65,65,40,64,56]} 1. Nf3 d5 2. e3 c6 3. c4 Bf5 (3... Nf6 4. Nc3 e6 5. b3 Bd6 6. Bb2 O-O 7. Be2 Nbd7 8. Rc1 a6 9. d4 Re8 10. O-O e5 11. dxe5 Nxe5 12. cxd5 c5 13. Nxe5 Bxe5 14. Bf3 Qd6 15. h3 b5 {1-0 (31) Nepomniachtchi,I (2763)-Saric,I (2695) St Petersburg 2018}) 4. cxd5 cxd5 5. Qb3 Qc7 6. Na3 {A11: English Opening: 1...c6} Nf6 7. d4 ({Better is} 7. Nb5 $11 Qc8 8. d3) 7... Nc6 8. Bd2 {The position is equal.} a6 9. Rc1 $1 Qd7 (9... e6 $15) 10. Ne5 $14 Nxe5 11. dxe5 Ng4 $146 {[#]} (11... Ne4 $16) ({Predecessor:} 11... Ne4 12. Nb5 Rc8 13. Rxc8+ Qxc8 14. Nd4 e6 15. Nxf5 exf5 {1-0 (48) Rinaldi,F (2140)-Panarello,G Cutro 2005}) 12. f3 $2 ({White should play} 12. Nb5 $1 $18 {[%cal Rb5c7][%mdl 512]} Rc8 (12... axb5 13. Bxb5) 13. Rxc8+ Qxc8 14. Nd4 (14. Qxd5 Be6 $16)) 12... e6 $2 {[%mdl 8192]} (12... Nxe5 $15 13. Nc2 Bxc2 14. Qxc2 e6) 13. h3 $2 (13. fxg4 $18 Be4 14. Nb5 $1 {[%mdl 512]}) 13... Nh6 $2 {[%mdl 8192]} (13... Nxe5 $17 {keeps the pressure on.} 14. Nc2 Rc8) 14. Nb5 {Strongly threatening Nc7+.} Rc8 {[#]} 15. Rxc8+ $1 Qxc8 {[#]} 16. Qa4 (16. Bb4 $1 $16) 16... Qc6 $1 {[%mdl 64] Pin} 17. Be2 Bc5 $1 18. Qb3 {Accuracy: White = 32%, Black = 26%.} 1-0

[Event "III Duchamp Open 2019"]
[Site "Rio de Janeiro"]
[Date "2019.12.10"]
[Round "4.16"]
[White "Donoso Diaz, Sebastian"]
[Black "Lage, Pedro Ferreira"]
[Result "1-0"]
[WhiteElo "2234"]
[BlackElo "2021"]
[Annotator "TA"]
[PlyCount "81"]
[EventDate "2019.12.07"]
[EventType "swiss"]
[EventCountry "BRA"]
[SourceTitle "playchess.com"]
[Source "ChessBase"]
[SourceQuality "1"]

{[%evp 9,81,31,31,7,14,-18,-10,-25,-11,-33,79,80,87,85,160,130,156,111,138,133,92,95,125,56,78,23,22,0,0,-7,8,-104,0,-28,39,-2,0,0,0,0,27,-19,0,-472,72,75,64,58,56,64,74,77,85,85,85,85,85,64,89,65,125,65,65,41,39,41,269,243,234,208,206,165,5206,2312]} 1. Nf3 d5 2. e3 c6 3. c4 Bf5 (3... Nf6 4. Nc3 a6 5. Qc2 g6 6. d4 Bg7 7. Bd3 O-O 8. O-O e6 9. b3 Nbd7 10. Bb2 b6 11. e4 dxe4 12. Nxe4 Qc7 13. Nxf6+ Bxf6 14. Nd2 c5 15. Be4 Bb7 16. Nf3 Bxe4 17. Qxe4 {½-½ (53) Ding,L (2811)-Shankland,S (2705) chess.com INT 2019}) 4. cxd5 cxd5 5. Qb3 Qc7 6. Na3 {A11: English Opening: 1...c6} Nf6 7. d4 Nc6 8. Bd2 {The position is equal.} a6 9. Rc1 Qd7 (9... e6 $15 {keeps the upper hand.}) 10. Ne5 $16 Nxe5 11. dxe5 Ng4 $146 (11... Ne4 $142) ({Predecessor:} 11... Ne4 12. Nb5 Rc8 13. Rxc8+ Qxc8 14. Nd4 e6 15. Nxf5 exf5 {1-0 (48) Rinaldi,F (2140)-Panarello,G Cutro 2005}) 12. f4 e6 13. h3 Nh6 {[#]} 14. Nb5 $1 {[%cal Rb5c7][%mdl 512]} Rc8 (14... axb5 15. Bxb5) 15. Rxc8+ Qxc8 16. Qa4 ({Better is} 16. Bb4 $16) 16... Qc6 $1 $14 {[%mdl 64] Pin} 17. Be2 (17. Kf2 $1 $16) 17... Bc5 $1 $11 18. Nc7+ Kd7 $1 19. Nb5 $1 Rc8 $132 {[%mdl 2048] Black is not keeping still} 20. Qb3 (20. Nc3 $11) 20... Ke7 {[#]} (20... Be4 $17 {Strongly threatening ...Nf5.} 21. Rh2 Qb6) 21. Nd6 $1 {[%mdl 512]} Rc7 (21... Bxd6 $11 22. exd6+ Ke8) 22. Bf3 (22. g4 $5 {[%cal Rg4f5]} Bg6 23. h4 $14) 22... Be4 23. Bxe4 dxe4 24. g4 f6 25. O-O Nf7 26. f5 $2 {[%mdl 8192]} (26. exf6+ $11 {and White is okay.} gxf6 27. Nxf7 Kxf7 28. f5) 26... Qd5 $2 (26... Nxe5 $19 27. Qxe6+ Kf8) 27. Qxd5 $16 exd5 28. Nxf7 Kxf7 {[%mdl 4096] Endgame KRB-KRB} 29. e6+ Ke7 30. Rc1 Bd6 31. Rxc7+ Bxc7 {KB-KB} 32. Bb4+ Ke8 33. Bc5 Be5 34. b3 Kd8 ({Black should try} 34... g6 $14) 35. Bf8 (35. h4 $16) 35... g6 $14 36. fxg6 hxg6 37. h4 {Hoping for h5.} f5 $2 (37... d4 $14) 38. h5 $18 {And now h6 would win.} gxh5 39. gxh5 {h6 is the strong threat.} Ke8 {[#]} 40. Bc5 $1 f4 $2 {[#]} (40... Bg7) 41. Bd4 $1 {Accuracy: White = 45%, Black = 34%.} 1-0

[Event "III Duchamp Open 2019"]
[Site "Rio de Janeiro"]
[Date "2019.12.10"]
[Round "5.1"]
[White "Martinez Alcantara, Jose Eduardo"]
[Black "Cruz, Cristhian"]
[Result "1/2-1/2"]
[WhiteElo "2592"]
[BlackElo "2562"]
[Annotator "TA"]
[PlyCount "40"]
[EventDate "2019.12.07"]
[EventType "swiss"]
[EventCountry "BRA"]
[SourceTitle "playchess.com"]
[Source "ChessBase"]
[SourceQuality "1"]

{[%evp 21,40,0,4,0,25,0,0,0,0,0,0,0,0,0,0,0,0,0,0,0,0]} 1. e4 e6 2. d4 d5 3. Nd2 dxe4 4. Nxe4 Nd7 5. Nf3 Ngf6 6. Nxf6+ Nxf6 7. Bd3 c5 8. dxc5 Bxc5 9. Qe2 O-O 10. O-O b6 11. Bg5 Bb7 12. Rad1 {Threatens to win with Bxh7+! C10: French with 3 Nc3: Unusual Black 3rd moves and 3...dxe4} Qc7 13. Bxf6 (13. Ne5 Rfd8 14. Rfe1 Rd5 15. Bf4 Rad8 16. Bg3 Qc8 17. a3 a5 18. c3 h6 19. h3 Bd6 {1-0 (106) Movsesian,S (2659)-Jussupow,A (2581) Doha 2014}) 13... gxf6 {The position is equal.} 14. Be4 Rfd8 15. c3 Rac8 16. g3 a6 17. Bxb7 Qxb7 18. Rxd8+ $146 ({Predecessor:} 18. Nd4 b5 19. a3 f5 20. Qh5 {½-½ (20) Abreu Delgado,A (2480)-Perez Garcia,R (2425) Havana 2002}) 18... Rxd8 19. Rd1 Rxd1+ 20. Qxd1 Qe4 1/2-1/2

[Event "III Duchamp Open 2019"]
[Site "Rio de Janeiro"]
[Date "2019.12.10"]
[Round "5.2"]
[White "Vazquez, Guillermo"]
[Black "Diamant, Andre"]
[Result "1/2-1/2"]
[WhiteElo "2506"]
[BlackElo "2533"]
[Annotator "TA"]
[PlyCount "35"]
[EventDate "2019.12.07"]
[EventType "swiss"]
[EventCountry "BRA"]
[SourceTitle "playchess.com"]
[Source "ChessBase"]
[SourceQuality "1"]

{[%evp 18,22,18,13,31,18,13]} 1. e4 c5 2. Nf3 Nc6 3. d4 cxd4 4. Nxd4 Nf6 5. Nc3 d6 6. g3 g6 7. Nde2 Bg7 8. Bg2 O-O 9. O-O Rb8 10. a4 b6 {B70: Sicilian Dragon: 6 g3 and 6 Be2 (without a later Be3)} 11. h3 Bb7 (11... Ba6 12. Be3 Nd7 13. Re1 Bxe2 14. Rxe2 Bxc3 15. bxc3 Qc7 16. f4 b5 17. Kh2 Rfc8 18. Rd2 {1-0 (79) Le,Q (2708)-Korobov,A (2679) Khanty-Mansiysk 2019}) {Predecessor:} 12. Nd5 $146 e6 13. Ndc3 Qe7 14. Bf4 Rbd8 15. Qc1 d5 16. exd5 exd5 17. Re1 Qd7 18. Rd1 {1-0 (41) Pavlidis,A (2479)-Gaehwiler,G (2288) Legnica 2013} 1/2-1/2

[Event "III Duchamp Open 2019"]
[Site "Rio de Janeiro"]
[Date "2019.12.10"]
[Round "5.3"]
[White "Zambrana, Oswaldo"]
[Black "Di Berardino, Diego Rafael"]
[Result "0-1"]
[WhiteElo "2445"]
[BlackElo "2489"]
[Annotator "TA"]
[PlyCount "52"]
[EventDate "2019.12.07"]
[EventType "swiss"]
[EventCountry "BRA"]
[SourceTitle "playchess.com"]
[Source "ChessBase"]
[SourceQuality "1"]

{[%evp 12,52,33,0,0,0,0,0,0,0,0,0,0,-68,-63,-79,-97,-97,-92,-231,-214,-205,-194,-190,-184,-354,-350,-437,-444,-435,-450,-483,-486,-498,-492,-485,-480,-531,-524,-707,-370,-494,-497]} 1. e4 c5 2. Nf3 e6 3. d4 cxd4 4. Nxd4 a6 5. c4 Nf6 6. Nc3 Bb4 7. Nc2 Bxc3+ $1 {B41: Sicilian: Kan Variation: 5 c4} 8. bxc3 Qa5 9. Qd3 Nc6 {The position is equal.} 10. Be2 O-O $146 ({Predecessor:} 10... Qe5 11. f3 d5 12. exd5 exd5 13. f4 Qf5 14. cxd5 Nxd5 15. O-O {½-½ (27) Baghdasaryan,V (2472)-Zubov,A (2614) Batumi 2016}) 11. Ba3 Rd8 $1 12. c5 (12. Bd6 $1 $11) 12... b6 $1 $15 13. Bb4 Qa4 14. cxb6 {[#]} d5 $1 {Strongly threatening ...a5.} 15. O-O (15. e5 $17 Nxe5 16. Qd1) 15... dxe4 $19 16. Qc4 Qxc2 17. Qxc6 {[#]} Bd7 $1 {[%cal Rd7c6]} 18. Qd6 $2 (18. Qb7 Qxe2 19. Be7) 18... Qxe2 19. b7 Rab8 20. Ba5 Re8 21. Rab1 Bb5 22. c4 Qxc4 23. Rfc1 Qd3 24. Qc7 e3 {And now ...exf2+ would win.} 25. Bb6 Qd7 26. a4 Rxb7 {Accuracy: White = 29%, Black = 100%.} 0-1

[Event "III Duchamp Open 2019"]
[Site "Rio de Janeiro"]
[Date "2019.12.10"]
[Round "5.4"]
[White "Galego, Luis"]
[Black "Perdomo, Leandro"]
[Result "1/2-1/2"]
[WhiteElo "2483"]
[BlackElo "2474"]
[Annotator "TA"]
[PlyCount "32"]
[EventDate "2019.12.07"]
[EventType "swiss"]
[EventCountry "BRA"]
[SourceTitle "playchess.com"]
[Source "ChessBase"]
[SourceQuality "1"]

{[%evp 14,32,48,0,20,13,23,24,39,-18,30,22,23,21,38,20,16,12,15,13,18]} 1. Nf3 Nf6 2. d4 g6 3. e3 Bg7 4. Be2 O-O 5. O-O d6 6. c4 c5 7. Nc3 Bf5 8. b3 Ne4 {E61: King's Indian: Early deviations for White, including Smyslov System} (8... e5 9. Bb2 Nc6 10. d5 Nb4 11. Ne1 e4 12. a3 Na6 13. Nc2 h5 14. Rb1 Ng4 15. Bxg4 hxg4 16. Ne2 Bxb2 17. Rxb2 {½-½ (17) Miladinovic,I (2579)-Jovanovic,Z (2546) Neum 2008}) 9. Bb2 Nxc3 10. Bxc3 Nc6 {White has an edge.} 11. Rc1 (11. Qd2 $14) 11... cxd4 $146 ({Predecessor:} 11... e5 12. d5 Nb8 13. Nd2 Qe7 14. Re1 Bc8 15. Nf1 f5 16. f4 Nd7 17. g3 {0-1 (41) Krnic,Z (2470)-Simic,R (2440) Borovo 1981}) 12. Nxd4 Nxd4 13. Bxd4 Qa5 14. Bxg7 Kxg7 {The position is equal.} 15. Qd4+ Kg8 16. Qb2 Be4 1/2-1/2